Miasta-Gospodarze Finałów Ligi Europy UEFA - Statystyki

Ogólne statystyki
  • Ten quiz został rozwiązany 122 razy
  • Średni wynik to 6 z 16
Statystyki odpowiedzi
Rok Miasto % Poprawnych
2015 Warszawa
85%
2021 Gdańsk
63%
2022 Sewilla
53%
2023 Budapeszt
52%
2024 Dublin
44%
2011 Dublin
44%
2013 Amsterdam
41%
2014 Turyn
41%
2025 Bilbao
40%
2012 Bukareszt
40%
2018 Lyon
29%
2019 Baku
26%
2010 Hamburg
22%
2020 Kolonia
12%
2016 Bazylea
6%
2017 Solna
5%
Nie znaleziono quizów pasujących do podanych kryteriów
Rozkład punktacji
Procent ludzi z każdym wynikiem
Percentyl według liczby udzielonych odpowiedzi
Twoja historia wyników
Nie rozwiązałeś tego quizu